000 00305nam a22001337a 4500
008 181019b xxu||||| |||| 00| 0 eng d
020 _a9780071807371
041 _aeng
080 _22nd
_a371
100 _a46
101 _aEDU
245 _aEnglish Grammar for ESL Learners
_cSwick,E
942 _2udc
_cBK
999 _c50260
_d50260